|
|
|
|
| LEADER |
00765nab a2200229 i 4500 |
| 001 |
misc61301 |
| 005 |
20230228144016.0 |
| 008 |
230222s1934 hu o 0|| hun d |
| 040 |
|
|
|a SZTE Miscellanea Repozitórium
|b hun
|
| 041 |
|
|
|a hun
|
| 041 |
|
|
|a eng
|
| 100 |
1 |
|
|a Somogyi József
|
| 245 |
1 |
2 |
|a A tell halafi ásatások jelentősége
|h [elektronikus dokumentum] /
|c Somogyi József
|
| 260 |
|
|
|c 1934
|
| 300 |
|
|
|a 11 p. 1 t.
|c 25 cm
|
| 490 |
0 |
|
|a Petrovics Elek emlékkönyv = Hommage à Alexis Petrovics
|
| 561 |
|
|
|a Németh Gyula hagyaték
|
| 591 |
|
|
|a NOV 5688
|
| 650 |
|
4 |
|a Bölcsészettudományok
|
| 650 |
|
4 |
|a Történettudomány és régészet
|
| 695 |
|
|
|a Régészet
|
| 856 |
4 |
0 |
|u http://misc.bibl.u-szeged.hu/61301/1/5688_nov.pdf
|z Dokumentum-elérés
|